Krānti kā nāhara. (Record no. 62227)

MARC details
000 -LEADER
fixed length control field 00517cam a22002171 4500
001 - CONTROL NUMBER
control field sa 65001782
003 - CONTROL NUMBER IDENTIFIER
control field DLC
005 - DATE AND TIME OF LATEST TRANSACTION
control field 20260227112111.0
008 - FIXED-LENGTH DATA ELEMENTS--GENERAL INFORMATION
fixed length control field 881102s1964 xx 000 0 hino
010 ## - LIBRARY OF CONGRESS CONTROL NUMBER
LC control number sa 65001782
035 ## - SYSTEM CONTROL NUMBER
System control number (OCoLC)23565568
040 ## - CATALOGING SOURCE
Original cataloging agency DLC
Transcribing agency MiU
Modifying agency DLC
042 ## - AUTHENTICATION CODE
Authentication code premarc
050 00 - LIBRARY OF CONGRESS CALL NUMBER
Classification number PK2098.S5358
Item number K7
110 2# - MAIN ENTRY--CORPORATE NAME
Corporate name or jurisdiction name as entry element Shymlal.
245 10 - TITLE STATEMENT
Title Krānti kā nāhara.
260 ## - PUBLICATION, DISTRIBUTION, ETC.
Date of publication, distribution, etc. [1964]
300 ## - PHYSICAL DESCRIPTION
Extent 88 p.
Dimensions 19 cm.
500 ## - GENERAL NOTE
General note Romanized.
600 00 - SUBJECT ADDED ENTRY--PERSONAL NAME
Personal name Nana Sahib,
Dates associated with a name 1820?-1859?
Form subdivision Drama.

No items available.

Powered by Koha